| 000 | 00000nam 2200000zi 4500 |
| 001 | 9.943781 |
| 003 | CaOODSP |
| 005 | 20250314131707 |
| 006 | m o d f |
| 007 | cr |n||||||||| |
| 008 | 241003t20242024onc ob f000 0 eng d |
| 020 | |a9780660738987 |
| 040 | |aCaOODSP|beng|erda|cCaOODSP |
| 043 | |an-cn--- |
| 086 | 1 |aM103-3/85-2024E-PDF |
| 100 | 1 |aFernandes, Richard Anthony, |d1967- |eauthor. |
| 245 | 10|aProposed definition of fraction of absorbed photosynthetically active radiation by the Committee of Earth Observation Satellites / |cR. Fernandes, H. Tang, and L. Brown. |
| 250 | |aVersion 1.0. |
| 264 | 1|a[Ottawa] : |bGeomatics Canada, |c2024. |
| 264 | 4|c©2024 |
| 300 | |a1 online resource (i, 6 pages). |
| 336 | |atext|btxt|2rdacontent |
| 337 | |acomputer|bc|2rdamedia |
| 338 | |aonline resource|bcr|2rdacarrier |
| 490 | 1 |aOpen file, |x2292-7875 ; |v85 |
| 504 | |aIncludes bibliographical references (page 6). |
| 650 | 0|aPhotosynthesis. |
| 650 | 0|aSolar radiation|xMeasurement. |
| 650 | 6|aPhotosynthèse. |
| 650 | 6|aRayonnement solaire|xMesure. |
| 710 | 2 |aGeomatics Canada, |eissuing body. |
| 830 | #0|aOpen file (Geomatics Canada)|v85.|w(CaOODSP)9.821474 |
| 856 | 40|qPDF|s397 KB|uhttps://publications.gc.ca/collections/collection_2025/rncan-nrcan/M103-3-85-2024-eng.pdf |
| 856 | 4 |qHTML|sN/A|uhttps://doi.org/10.4095/p3gy844zex |